| 000 | 01046cam a2200325 i 4500 | ||
|---|---|---|---|
| 999 |
_c200444382 _d62594 |
||
| 003 | TR-AnTOB | ||
| 005 | 20220412150324.0 | ||
| 008 | 931101s1993 dcua sb 000 0 eng d | ||
| 010 | _a93042537 | ||
| 020 | _a155775358X (recycled paper) | ||
| 040 |
_aDLC _beng _erda _cDLC _dDLC _dWaSeSS _dTR-AnTOB |
||
| 041 | 0 | _aeng | |
| 050 | 0 | 4 |
_aHG1811 _b.C68 1993 |
| 090 |
_aHG1811 _b.C68 1993 |
||
| 100 | 1 |
_aCottarelli, Carlo _9133250 _eauthor |
|
| 245 | 1 | 0 |
_aLimiting central bank credit to the government : _btheory and practice / _cCarlo Cottarelli. |
| 264 | 1 |
_aWashington, D.C. : _bIMF, _c1993. |
|
| 300 |
_av, 57 pages : _billustrations, tables ; _c28 cm |
||
| 336 |
_2rdacontent _atext _btxt |
||
| 337 |
_2rdamedia _aunmediated _bn |
||
| 338 |
_2rdacarrier _avolume _bnc |
||
| 490 | 0 |
_aOccasional paper, _x0251-6365 ; _v110. |
|
| 500 | _a"December 1993." | ||
| 650 | 0 |
_aBanks and banking, Central _933071 |
|
| 650 | 0 |
_aCredit _922370 |
|
| 650 | 0 |
_aBank loans _9120571 |
|
| 942 |
_2lcc _cBK |
||